[Reproduction of a photograph of the annual dinner of the National Association of Auctioneers, House Agents, Rating Surveyors and Valuers in February 1930 (Record no. 116812)

MARC details
000 -LEADER
fixed length control field 00771ckm a22002175a 4500
001 - CONTROL NUMBER
control field L156588
008 - FIXED-LENGTH DATA ELEMENTS--GENERAL INFORMATION
fixed length control field 071001s1930 xxk eng u
035 ## - SYSTEM CONTROL NUMBER
System control number (Sirsi) u156588
041 0# - LANGUAGE CODE
Language code of text/sound track or separate title eng
110 1# - MAIN ENTRY--CORPORATE NAME
Corporate name or jurisdiction name as entry element National Association of Auctioneers, House Agents, Rating Surveyors and Valuers
9 (RLIN) 4989
245 01 - TITLE STATEMENT
Title [Reproduction of a photograph of the annual dinner of the National Association of Auctioneers, House Agents, Rating Surveyors and Valuers in February 1930
Medium [graphic]
260 ## - PUBLICATION, DISTRIBUTION, ETC.
Date of publication, distribution, etc. February 1930
300 ## - PHYSICAL DESCRIPTION
Extent 1 photograph
Other physical details b&w
Dimensions 30 x 11 cm.
340 ## - PHYSICAL MEDIUM
Material base and configuration Photograph
351 ## - ORGANIZATION AND ARRANGEMENT OF MATERIALS
Hierarchical level Single item
500 ## - GENERAL NOTE
General note Photograph of guests at a dinner.
651 4# - SUBJECT ADDED ENTRY--GEOGRAPHIC NAME
Geographic name Great Britain
Chronological subdivision 1707-
690 ## - LOCAL SUBJECT ADDED ENTRY--TOPICAL TERM (OCLC, RLIN)
Topical term or geographic name as entry element Auctioneering
9 (RLIN) 6218
690 ## - LOCAL SUBJECT ADDED ENTRY--TOPICAL TERM (OCLC, RLIN)
Topical term or geographic name as entry element Valuation
9 (RLIN) 6273
942 ## - ADDED ENTRY ELEMENTS (KOHA)
Suppress in OPAC 0
Holdings
Withdrawn status Lost status Damaged status Not for loan Home library Current library Shelving location Date acquired Total Checkouts Full call number Barcode Date last seen Copy number Price effective from Koha item type
        Historic collection Historic collection RICS Boxes 11/06/2012   REGIONAL RICS 1930/14 30076936 26/08/2025 1 06/08/2019 Archive